000 00596nam a2200205Ia 4500
005 20250508164548.0
008 008 250505s9999 xx 000 0 eng d
037 _aTextual
040 _aFEDL
_beng
_cFEDL
041 _aeng
_2eng
084 _a371.3, NCE
_qFEDL
245 0 _aWork experience. Teachers' hand book for class 3
245 0 _cNCERT
260 _aNew Delhi, India
_bNational Council of Educational Research and Training
_c1987
300 _avii,62p.
365 _aINR
_b3.9
546 _aMACESE book
942 _cTEXL
_h371.3, NCE
999 _c1389816
_d1389816